Reading in international business negotiations.

Bibliographic Details
Format: Book
Published: Geneva: UNCTAD/WTO, 1997.
Subjects:
LEADER 00465cam a2200157 7i4500
001 0000006449
005 20020719090000.0
002 ##000008138
020 0 0 |a 92-9137-018-5  
090 0 0 |a B 302.3   |b REA 
245 0 0 |a Reading in international business negotiations. 
260 0 0 |a Geneva:   |b UNCTAD/WTO,   |c 1997. 
300 # # |a 131 p.. 
650 0 0 |a International business negotiation  
650 0 0 |a Negotiations in business  
999 |a 0000008975  |b Book  |c Open shelf  |e Business Information Centre